000 00801na a2200229 4500
001 21295
003 MIRAKIL
005 20181213155145.0
008 170203b tu 000 0
040 _aMilas
_btur
_cTR-AnCHP
041 _atur
082 _a915.632
_bD63 1999
090 _a915.632 D63 1999
245 _aDoğu Karadeniz bölgesi bölgesel kalkınma planı
_bAna rapor
_cTürkiye Cumhuriyeti Başbakanlık Devlet Planlama Teşkilatı
260 _aAnkara
_bDevlet Planlama Teşkilatı
_c1999
300 _ayaklaşık 70 s.
_btbl. ; hrt.
_c30 sm.
650 _aBölgesel kalkınma
_yRaporlar, 1999
650 _aDoğu Karadeniz
_xBölgesel kalkınma
710 _aJaponya Uluslararası İşbirliği Ajansı (JICA)
710 _aDevlet Planlama Teşkilatı (DPT)
942 _2ddc
_cBKS
999 _c7619
_d7619